000 00833nam a2200265Ia 4500
003 OSt
005 20221005062425.0
006 a|||||r|||| 00| 0
007 ta
008 221004b |||||||| |||| 00| 0 eng d
020 _a9781138656062 (pbk)
_cUKP 16.99
024 _a37567
037 _bBBS/117, 30/01/2018, Better Book Service
_cTextual
040 _aCRL
_cCRL
_beng
041 _2eng
_aeng
082 _aS:(D65,8(B):71), Q7
100 _aAmichai - Hamburger Yair Au.
_9601805
245 0 _aInternet psychology
_b basics
260 _aLondon
_bRoutlege UK
_c2017
300 _axvi,201p.
_ccm.
650 _a PSYCHOLOGY
650 _aINTRANET
_9583044
942 _hS:(D65,8(B):71), Q7
_cTEXL
_2cc
999 _c969678
_d969678